00719 a2200145 4500003000500000005001700005040000900022082001400031100001800045245006000063260003300123300001000156505038800166650001900554Nust20230213115546.0 cNust a973.7,HEN aHenderson.F.R aThe Civil War:bA soldier s View /cCol G F R henderson aChicagobChicago press61958 a320:p aIntroduction (Page-1), The Campaign of Fredericksburg (Page-9), Henderson and the American Civil War (Page-120), Battles and Leaders of the Civil War (Page-130), The American Civil War 1861-1865 (Page-174), The Battle of Gettysburg (Page-225), The Campaign in the Wilderness of Virginia 1864 (Page-254), Stonewall Jackson Place in History (Page-284), The Henderson Legacy (Page-301). aThe Civil War: